000 00968nam a22002417a 4500
003 OSt
005 20140310181945.0
008 130725t xxu||||| |||| 00| 0 eng d
020 _a0486416607
050 _aPZ 7
_b.W995 2001
082 _aCLA W99s
_b2001
100 _aWyss, Johann David
_93865
245 _aThe Swiss family Robinson /
_cJohann D. Wyss.
260 _aMineola :
_bDover Publications,
_cc2001.
300 _a323 p. :
_c21 cm.
500 _a"This Dover edition, first published in 2001, is an unabridged republication of the standard English-language edition of the work originally published in German 1812-13 by Johann Rudolf Wyss, a son of the author, and published in 1889 in an altered English-language edition edited by W.H.G. Kingston"--T.p. verso.
541 _j1
562 _e1
650 _aFamily life--Fiction.
650 _aSurvival
_xFiction.
_93866
650 _aIslands
_xFiction.
_93867
942 _2lcc
_cBBK
_kCLA
999 _c7767
_d7767